| 000 | 00897nas a2200277 4500 | ||
|---|---|---|---|
| 001 | BR0810535 | ||
| 003 | BR-BrBNA | ||
| 005 | 20231205112939.0 | ||
| 007 | ta | ||
| 008 | 230509b bl.|||p| |||| 00| 00por d | ||
| 040 |
_aBR-BrBNA _bpor _cBiblioteca Nacional de Agricultura |
||
| 041 | _a(Pt) | ||
| 072 | _aP10 | ||
| 100 | 1 | _aMarcon, G. | |
| 100 | 1 | _aPhilippi Júnior, A. | |
| 245 | 1 | _aAvaliação da política estadual de recursos hídricos de São Paulo nas bacias Hidrográficas dos Rios Piracicaba, Capivari e Jundiaí | |
| 650 | _aÁGUA | ||
| 650 | _aBACIA HIDROGRÁFICA | ||
| 650 | _aRIO PIRACICABA | ||
| 650 | _aRIO CAPIVARI | ||
| 650 | _aRIO JUNDIAÍ | ||
| 650 | _aPOLÍTICA | ||
| 773 | 0 |
_tRevista Brasileira de Recursos Hídricos (Brazil) _xISSN 1414-381X _g(Jul-Sep 2007), v. 12(3) p. 199-209 _wBR0810535 |
|
| 909 |
_a202311 _bLúcia _c55 _dLúcia Elande |
||
| 942 |
_2AGRIS _n0 _cANA |
||
| 999 |
_c200965 _d200965 |
||